Responses for show #6596 - Monday, April 29, 2013

Contestants

Larry Krajewski, a postal worker from Safety Harbor, Florida

Kathy DeLozier, an elementary school principal from Louisville, Kentucky

George McAleese, a political researcher from Washington, D.C. (whose 2-day cash winnings total $56,402)

Jeopardy! Round responses

THE SEXIEST POTPOURRI EVER
STATE FACTS
"ON"WORDS & "UP"WORDS
MOVIE MAKEOVERS
REVENGE
A DISH BEST SERVED COLD
    $200 18
Edison

George
    $200 8
New Mexico

Larry
    $200 6
(Kathy: ...Ummm... oh gosh... I've lost it.)
[NOTE: Nearly all clues on the show are written in all capital letters, a convention the J! Archive does not follow, but it would seem internally contradictory not to put this clue in all caps.]

uppercase

Kathy
Triple Stumper
    $200 13
Dick Tracy

George
    $200 1
Frankenstein

George
    $200 23
steak tartare

Larry
    $400 19
(Kathy: What is the Holy Roman Empire?)

the Ottoman Empire

KathyLarry
    $400 9
Wyoming

Kathy
    $400 7
oncoming

George
    $400 14
Joseph Gordon-Levitt

George
    $400 2
Poseidon

George
    $600 20
3M

Kathy
    $600 10
Michigan

Larry
    $600 15
Little Big Man

Larry
    $600 3
The Count of Monte Cristo

Kathy
    $600 28
(Kathy: What is herring?)
[End-of-round signal sounds.]

lox

Kathy
Triple Stumper
    $800 21
Taft

George
    $800 11
Missouri

Larry
    $800 25
the upstate

Larry
    $800 16
(George: Who is Cate Blanchett?)
(Kathy: Who is Lynn Redgrave?)

Helena Bonham Carter

GeorgeKathy
Triple Stumper
    $800 4
(Larry: Who is Mrs. Haversham?)

Miss Havisham

KathyLarry
    $800 27
a parfait

George
    $1000 22
Steel

George
    $1000 12
Illinois

Larry
    $1000 24
oncologist

Larry
    $1000 17
Gwyneth Paltrow

George
    $400 5
The Scarlet Letter

Kathy
    $1000 26
ceviche

George

Scores at the first commercial break (after clue 14):

George Kathy Larry
$1,600 $2,000 $1,800

Scores at the end of the Jeopardy! Round:

George Kathy Larry
$5,600 $800 $4,800

Double Jeopardy! Round responses

THIS SOUTH AMERICAN LIFE
GOVERNMENT AGENCIES
ANAGRAMS
SCIENCE IS A 7-LETTER WORD
THE 20th CENTURY
1988 NO. 1 HIT LYRICS
    $400 6
Hugo Chavez

Kathy
    $400 16
the Centers for Disease Control

Kathy
    $400 1
a termite

Kathy
    $400 21
diamond

Kathy
    $400 15
poverty

Larry
    $400 26
[End-of-round signal sounds.]

the Beach Boys

Larry
    $800 7
Pele

Larry
    $800 17
NCIS

Larry
    $800 2
gluttony

Kathy
    $800 22
(Larry: What is ampere?)

amperes (or current)

GeorgeLarry
    $800 14
Camp David

Larry
    $1200 8
(Juan) Peron

Larry
    $1200 18
the Architect of the Capitol

George
    $1200 3
Raphael

Kathy
    $1200 23
lithium

Larry
    $1200 13
Mercury

Larry
    $4,000 9
Peru

Larry
    $1600 19
Department of the Interior

Larry
    $1600 4
Presbyterian

Larry
    $3,000 24
(Larry: What is a gastropod?)

a mollusk

Larry
    $1600 12
Sinn Fein

Larry
    $2000 10
Gabriel García Márquez

Triple Stumper
    $2000 20
(George: What is Border Patrol?)

Border Protection

George
Triple Stumper
    $2000 5
speed skating

Triple Stumper
    $2000 25
Fresnel

Triple Stumper
    $2000 11
(George: What is Havana?)

Mariel

GeorgeLarry

Scores at the end of the Double Jeopardy! Round:

George Kathy Larry
$3,600 $4,400 $18,600
(lock game)

[wagering suggestions for these scores]

Final Jeopardy! Round responses

MAGAZINES
GeorgeWhat is Denver?
$1,601
KathyWhat is Beijing?
$2,801
LarryWhat is Denver?
$3,000
Denver

Final scores:

George Kathy Larry
$5,201 $1,599 $21,600
2nd place: $2,000 3rd place: $1,000 New champion: $21,600

Game dynamics:

Coryat scores:

George Kathy Larry
$3,600 $5,000 $19,200
13 R,
3 W
11 R
(including 1 DD),
4 W
22 R
(including 1 DD),
3 W
(including 1 DD)

Combined Coryat: $27,800

The J! Archive is created by fans, for fans. The Jeopardy! game show and all elements thereof, including but not limited to copyright and trademark thereto, are the property of Jeopardy Productions, Inc. and are protected under law. This website is not affiliated with, sponsored by, or operated by Jeopardy Productions, Inc. Join the discussion at JBoard.tv.